000 00734nam a2200265 i 4500
001 C2-0211852
003 PPAK
005 20180728103028.0
008 990331s1998 my a|||| ||||| | may d
020 _a9838803774
040 _aPPAK
_beng
_cPPAK
_erda
082 0 4 _a899.233
_2 23
090 0 0 _a899.233
_bUSM
_dK
100 0 _aUsmaeli,
_eauthor
245 1 0 _aTerjerat di ibu kota
264 1 _aShah Alam, Selangor :
_bEddiplex ,
_c1998
300 _a101 pages :
_billustrations ;
_c19 cm
336 _2rdacontent
_atext
337 _2rdamedia
_aunmediated
338 _2rdacarrier
_avolume
490 1 _aSiri novel fail juvana
650 1 0 _aChildren's stories, Malay
830 0 _aSiri novel fail juvana
942 _ddc
_cB
999 _c158523
_d158523